People first : (Record no. 3111)

MARC details
000 -LEADER
fixed length control field 00946nam a2200277 a 4500
001 - CONTROL NUMBER
control field 2059061
003 - CONTROL NUMBER IDENTIFIER
control field OSt
005 - DATE AND TIME OF LATEST TRANSACTION
control field 20160229181417.0
008 - FIXED-LENGTH DATA ELEMENTS--GENERAL INFORMATION
fixed length control field 930715s1993 enk b 001 0 eng
010 ## - LIBRARY OF CONGRESS CONTROL NUMBER
LC control number 93171099
020 ## - INTERNATIONAL STANDARD BOOK NUMBER
International Standard Book Number 1856490815
020 ## - INTERNATIONAL STANDARD BOOK NUMBER
International Standard Book Number 1856490823 (pbk.)
040 ## - CATALOGING SOURCE
Original cataloging agency DLC
Transcribing agency DLC
043 ## - GEOGRAPHIC AREA CODE
Geographic area code d------
050 00 - LIBRARY OF CONGRESS CALL NUMBER
Classification number HN49.C6
Item number B87 1993
082 00 - DEWEY DECIMAL CLASSIFICATION NUMBER
Classification number 362.57
Edition number 20
Item number BUR 1993
100 1# - MAIN ENTRY--PERSONAL NAME
Personal name Burkey, Stan.
9 (RLIN) 5870
245 10 - TITLE STATEMENT
Title People first :
Remainder of title a guide to self-reliant participatory rural development /
Statement of responsibility, etc. Stan Burkey.
260 ## - PUBLICATION, DISTRIBUTION, ETC. (IMPRINT)
Place of publication, distribution, etc. London ;
-- Atlantic Highlands, N.J. :
Name of publisher, distributor, etc. Zed Books,
Date of publication, distribution, etc. 1993.
300 ## - PHYSICAL DESCRIPTION
Extent xix, 244 p. ;
Dimensions 23 cm.
504 ## - BIBLIOGRAPHY, ETC. NOTE
Bibliography, etc Includes bibliographical references (p. [234]-238) and index.
650 #0 - SUBJECT ADDED ENTRY--TOPICAL TERM
Topical term or geographic name as entry element Rural development
Geographic subdivision Developing countries.
9 (RLIN) 6907
906 ## - LOCAL DATA ELEMENT F, LDF (RLIN)
a 7
b cbc
c orignew
d 2
e ncip
f 19
g y-gencatlg
942 ## - ADDED ENTRY ELEMENTS (KOHA)
Source of classification or shelving scheme Dewey Decimal Classification
Koha item type Short Loan
Holdings
Withdrawn status Lost status Source of classification or shelving scheme Damaged status Not for loan Home library Current library Date acquired Inventory number Total Checkouts Full call number Barcode Date last seen Price effective from Koha item type Source of acquisition
    Dewey Decimal Classification     MUST Main Library MUST Main Library 29/02/2016 2004/22893   362.57 BUR 1993 2016-0266 29/02/2016 29/02/2016 Short Loan  
    Dewey Decimal Classification     MUST Main Library MUST Main Library 13/05/2016 2003/19834   362.57 BUR 1993 2016-1871 13/05/2016 13/05/2016 Short Loan  
    Dewey Decimal Classification     MUST Main Library MUST Main Library 25/06/2024 2014/38249   362.57 BUR 1993 2024-21265 25/06/2024 25/06/2024 Open Shelf Purchase
    Dewey Decimal Classification     MUST Main Library MUST Main Library 25/06/2024 2014/38250   362.57 BUR 1993 2024-21266 25/06/2024 25/06/2024 Open Shelf Purchase